| 000 | 00480pab a2200181 454500 | ||
|---|---|---|---|
| 008 | 180718b2008 xxu||||| |||| 00| 0 eng d | ||
| 100 | _aGirma, Sourafel | ||
| 245 | _aFDI, linkages and the efficiency of state-owned enterprises in China | ||
| 260 | _c2008 | ||
| 300 | _ap.728-49. | ||
| 362 | _aMay | ||
| 650 | _aPublic sector - China | ||
| 650 | _aForeign investment | ||
| 700 | _aGong, Yundan | ||
| 773 | _aJournal of Development Studies | ||
| 908 | _aN | ||
| 909 | _a78925 | ||
| 999 |
_c78925 _d78925 |
||